00952caa a22002531 450000100060000000300080000600500170001400800410003103500190007203500200009104000350011104100080014608200200015410000410017424500510021526000500026630000240031660000270034070000240036794200120039199900170040395201390042095201390055919665BD-RjUL20211209000448.0140225s1953 enk 000 1 eng d a(BD-RjUL)19725 a(OCoLC)13097593 aDLCcVidVidDLCdBD-RjULbeng aeng00a823.3bDRP 19531 aDrayton, Michael,d1563-1631.96042914a poems of Michael Drayton /c Michael, Drayton aLondon :bRoutledge and Kegan Paul Ltd,c1953 a309-723p. ;c18 cm. dMichael Drayton9604301 aBuxton, John956653 2ddccBK c19665d19665 00102ddc40718FICaRUCLbRUCLcReadingd1956-02-04eA.B..Cg24.60l0o823.3 DRP V-2 1953r2014-02-25 00:00:00tC-1w2021-12-09yBK 00102ddc40718NFICaRUCLbRUCLcReadingd1956-02-04eA.B.C.g24.00l0o823.3 DRP 1953 V-1r2020-03-03 00:00:00tC-1w2020-03-03yBK